书目信息 |
| 题名: |
算得快
|
|
| 作者: | 刘后一 编写 | |
| 分册: | ||
| 出版信息: | 北京 中国少年儿童出版社 1978 |
|
| 页数: | 180页 | |
| 开本: | 19cm | |
| 丛书名: | ||
| 单 册: | ||
| 中图分类: | I287.55 | |
| 科图分类: | ||
| 主题词: | 儿童文学-科学故事--中国--现代--选集 , 科学故事-儿童文学--中国--现代--选集 | |
| 电子资源: | ||
| ISBN: | ||
| 000 | 00652nam0 2200241 45 | |
| 001 | 0178003236 | |
| 005 | 20060913092620.04 | |
| 010 | @dCNY0.40 | |
| 091 | @aCN@bR13056.54 | |
| 100 | @a19950721d1978 am y0chiy0121 ea | |
| 101 | 0 | @achi |
| 102 | @aCN@b110000 | |
| 105 | @ay z 000fy | |
| 200 | 10 | @a算得快@Asuan de kuai@f刘后一编写 |
| 205 | @a2版 | |
| 210 | @a北京@c中国少年儿童出版社@d1978 | |
| 215 | @a180页@d19cm | |
| 606 | @a儿童文学-科学故事@y中国@z现代@x选集 | |
| 606 | @a科学故事-儿童文学@y中国@z现代@x选集 | |
| 690 | @aI287.55@v3 | |
| 701 | 0 | @a刘后一@Aliu hou yi@4编写 |
| 801 | 0 | @aCN@bTSSF@c20060913 |
| 905 | @a10447@dI287.55@e291=2 | |
| 算得快/刘后一编写.-2版.-北京:中国少年儿童出版社,1978 |
| 180页;19cm |
| ISBN :CNY0.40 |
| ● |
| 相关链接 |
|
|
|
|
正题名:算得快
索取号:I287.55/291=2
 
预约/预借
| 序号 | 登录号 | 条形码 | 馆藏地/架位号 | 状态 | 备注 |
| 1 | 0450421 | 204504214 | 密集书库/ [索取号:I287.55/291=2] | 在馆 | |
| 2 | 0469434 | 204694349 | 密集书库/ [索取号:I287.55/291=2] | 在馆 | |
| 3 | 0474206 | 204742065 | 密集书库/ [索取号:I287.55/291=2] | 在馆 |